000 00552nam a2200193 i 4500
001 135550
003 ES-MaACL
005 20230906194914.0
007 t|
008 070719s1968 sp ||||1| spa d
080 _a8.09(04)
080 _a86-4"19"
100 1 _aTorre, Guillermo de (
_d1900-1971)
_9110740
245 1 3 _aEl espejo y el camino /
_cGuillermo de Torre.
260 _aMadrid :
_bPrensa Española,
_c1968.
300 _a303 p. ;
_c19 cm.
650 _aLiteratura-
_xHistoria y crítica.
_914489
852 _aES-MaACL
_jC-35495
_bR.67588
999 _c135550
_d135550